Влияние формы облачных образований на радиационной взаимодействие; Оптика атмосферы и океана. Физика атмосферы; Конференция А : Молекулярная спектроскопия и атмосферные радиационные процессы
| Parent link: | Оптика атмосферы и океана. Физика атмосферы: материалы XXVIII Международного симпозиума, Томск, 4-8 Июля 2022/ Российская академия наук, Сибирское отделение, Институт оптики атмосферы им. В. Е. Зуева Конференция А : Молекулярная спектроскопия и атмосферные радиационные процессы.— 2022.— [С. 308-311] |
|---|---|
| Κύριος συγγραφέας: | |
| Συγγραφή απο Οργανισμό/Αρχή: | |
| Περίληψη: | Заглавие с экрана Исследовано влияние оптического взаимодействия облаков на радиационные потоки в атмосфере.Установлено, что радиационное взаимодействие зависит сложным образом от оптических и геометрическихразмеров облаков и их формы: при определенных оптических размерах облаков правильной формы радиационноевзаимодействие между ними максимально. Показано, что взаимное положение облаков в зависимости от формыобъема определяет величину радиационного взаимодействия. |
| Γλώσσα: | Ρωσικά |
| Έκδοση: |
2022
|
| Θέματα: | |
| Διαθέσιμο Online: | https://symp.iao.ru/files/symp/aoo/28/ru/abstr_14613.pdf |
| Μορφή: | MixedMaterials Ηλεκτρονική πηγή Κεφάλαιο βιβλίου |
| KOHA link: | https://koha.lib.tpu.ru/cgi-bin/koha/opac-detail.pl?biblionumber=668292 |
MARC
| LEADER | 00000naa0a2200000 4500 | ||
|---|---|---|---|
| 001 | 668292 | ||
| 005 | 20250617164354.0 | ||
| 035 | |a (RuTPU)RU\TPU\network\39517 | ||
| 035 | |a RU\TPU\network\39515 | ||
| 090 | |a 668292 | ||
| 100 | |a 20220922d2022 k||y0rusy50 ca | ||
| 101 | 0 | |a rus | |
| 102 | |a RU | ||
| 135 | |a drcn ---uucaa | ||
| 181 | 0 | |a i | |
| 182 | 0 | |a b | |
| 200 | 1 | |a Влияние формы облачных образований на радиационной взаимодействие |f Б. В. Горячев | |
| 203 | |a Текст |c электронный | ||
| 300 | |a Заглавие с экрана | ||
| 320 | |a [Библиогр.: 2 назв.] | ||
| 330 | |a Исследовано влияние оптического взаимодействия облаков на радиационные потоки в атмосфере.Установлено, что радиационное взаимодействие зависит сложным образом от оптических и геометрическихразмеров облаков и их формы: при определенных оптических размерах облаков правильной формы радиационноевзаимодействие между ними максимально. Показано, что взаимное положение облаков в зависимости от формыобъема определяет величину радиационного взаимодействия. | ||
| 461 | |t Оптика атмосферы и океана. Физика атмосферы |o материалы XXVIII Международного симпозиума, Томск, 4-8 Июля 2022 |f Российская академия наук, Сибирское отделение, Институт оптики атмосферы им. В. Е. Зуева | ||
| 463 | |t Конференция А : Молекулярная спектроскопия и атмосферные радиационные процессы |v [С. 308-311] |d 2022 | ||
| 610 | 1 | |a электронный ресурс | |
| 610 | 1 | |a труды учёных ТПУ | |
| 700 | 1 | |a Горячев |b Б. В. |c физик |c доцент Томского политехнического университета, кандидат физико-математических наук |f 1947- |g Борис Валентинович |3 (RuTPU)RU\TPU\pers\25460 |9 11399 | |
| 712 | 0 | 2 | |a Национальный исследовательский Томский политехнический университет |b Школа базовой инженерной подготовки |b Отделение естественных наук |3 (RuTPU)RU\TPU\col\23562 |
| 801 | 2 | |a RU |b 63413507 |c 20220922 |g RCR | |
| 850 | |a 63413507 | ||
| 856 | 4 | |u https://symp.iao.ru/files/symp/aoo/28/ru/abstr_14613.pdf |z https://symp.iao.ru/files/symp/aoo/28/ru/abstr_14613.pdf | |
| 942 | |c CF | ||